Pays selon la description Wikipédia #2 - Statistiques

Statistiques générales
  • Ce quiz a été pris 584 fois
  • Le résultat moyen est 9 sur 12
Statistiques - réponses
Description Réponse % Correct
L'[...] est un pays d'Asie de l'Ouest, et l'un des plus anciens berceaux civilisationnels du monde. On y compte d'anciennes grandes dynasties comme les Sassanides, les Achéménides ou les Séleucides. Le pays est marqué par les conflits entre chiites et sunnites. Iran
89%
Le [...] est bordé par l'océan Pacifique à l'Est et par la mer des Caraïbes à l'Ouest, il possède une riche culture issue de la fusion entre croyances indigènes et coloniales. Il est le 14e pays mondial en superficie. Mexique
89%
État fédéral principalement en Asie du Nord composé de très nombreuses provinces, il est bordé par 8 mers et est limitrophe à 10 autres pays. Son implication dans une guerre en Afghanistan lui vaudra de se séparer en 15 états indépendants à la fin du XXe siècle. Russie
87%
Le [...] est un pays du sous-continent indien situé dans le golfe du Bengale et quasiment enclavé dans l'Inde. Indépendant en 1947, c'est l'un des pays avec la plus dense population, sa capitale Dacca comptant plus de 20 millions d'habitants en 2022. Bangladesh
84%
Le [...], en forme longue la principauté du [...], est un pays alpin d'Europe centrale, sans accès à la mer, bordé par la Suisse à l'ouest et au sud et par l'Autriche à l'est et au nord. Sa superficie est de 160 km2, avec une population estimée à un peu plus de 39 000 habitants. Liechtenstein
82%
Le [...] est un État du Proche-Orient. En grande partie montagneux, il partage ses frontières avec la Syrie au nord et à l'est sur 376 km, Israël au sud sur 79 km et Chypre à l'ouest, au large de ses 220 km de côtes dans le bassin Levantin (partie orientale de la mer Méditerranée). Liban
81%
Le [...], autrefois appelé Empire chérifien, est un État unitaire régionalisé situé en Afrique. Son régime politique est une monarchie constitutionnelle semi-parlementaire unitaire et régionalisée et est l'un des seuls pays à comporter des rivages sur la mer Méditerranée d'un côté et l'océan Atlantique de l'autre. Maroc
80%
La [...] (en maori : Aotearoa) est un pays insulaire d'Océanie situé dans le Sud-Ouest de l'océan Pacifique. Elle est constituée de deux îles principales : l'île du Nord et l'île du Sud, ainsi que de 700 plus petites îles. Nouvelle Zélande
79%
L'[...], dont le nom se traduit "pays des aigles", se situe en Europe et possède une double façade maritime, à l'Ouest et au Sud. Régime politique de type démocratie parlementaire, il fut déclaré premier pays athée du monde en 1967. Abritant le lac le plus ancien d'Europe, le pays fut dirigé par le régime communiste après la Seconde guerre mondiale. Albanie
78%
Pays du sud de l'Afrique, il fait partie des pays des grands lacs, au même titre que le Kenya, le Rwanda ou le Congo, sa langue nationale est le portugais, parlée par 51% de la population. On peut voir un AK-47 sur son drapeau. Mozambique
74%
Le [...], en forme longue la république du [...], est un pays d'Afrique occidentale situé dans le Golfe de Guinée. Sa langue officielle est l'anglais et sa monnaie est le cedi. Le pays fait partie de la CEDEAO. Anciennement nommé Côte-de-l'Or, il fut renommé après son indépendance au XXe siècle. Ghana
59%
la Sérénissime République de [...] est un pays totalement enclavé. C’est aussi la plus ancienne république au monde existante de manière continue jusqu'à aujourd'hui, avec un système constitutionnel qui remonte au XVIe siècle. Saint Marin
55%
Aucun quiz correspondant
Distribution des résultats
% des personnes avec chaque résultat
Percentile par nombre de réponses
Votre historique - résultats
Vous n’avez pas pris ce quiz